| 000 | 00440nam a2200169 a 4500 | ||
|---|---|---|---|
| 001 | 2861 | ||
| 003 | CO-ViMGA | ||
| 008 | 141112s2004 ck r 000 u spa d | ||
| 040 |
_aCO-ViMGA _bspa _cCO-ViMGA |
||
| 082 | 0 | 4 | _a621.381 W173 |
| 100 | 1 |
_aWaterworth, G _951985 |
|
| 245 | 1 | 0 |
_aElectronica : _bcuadernos de trabajo |
| 260 |
_aWilmington : _bAddison - Wesley, _c1994 |
||
| 300 | _a260 p : il | ||
| 650 | 1 | 4 | _aELECTRONICA |
| 942 |
_2ddc _cBK |
||
| 999 |
_c14931 _d14931 |
||